MARC details
| 000 -LÍDER |
| campo de controle de tamanho fixo |
01992nam a2200301 4500 |
| 001 - NÚMERO DE CONTROLE |
| campo de controle |
24 |
| 003 - IDENTIFICADOR DO NÚMERO DE CONTROLE |
| campo de controle |
OSt |
| 005 - DATA E HORÁRIO DA ÚLTIMA TRANSAÇÃO |
| campo de controle |
20250528074009.0 |
| 008 - CAMPO DE DADOS FIXOS--INFORMAÇÃO GERAL |
| campo de controle de tamanho fixo |
250121b |||||||e |||| 00| 1 eng d |
| 020 ## - ISBN - INTERNATIONAL STANDARD BOOK NUMBER |
| ISBN - International Standard Book Number |
9788520919859 |
| 040 ## - FONTE DA CATALOGAÇÃO |
| Idioma da catalogação |
por |
| 041 ## - CÓDIGO DE IDIOMA |
| Código do idioma do original e/ou traduções intermediárias do texto |
por |
| Código do idioma do texto/trilha sonora ou título diferente |
por |
| 082 ## - CDD - CLASSIFICAÇÃO DECIMAL DE DEWEY |
| Número de Classificação |
869.3 |
| Número do exemplar |
A485e |
| 100 1# - ENTRADA PRINCIPAL--NOME PESSOAL |
| Nome pessoal |
Amaral, Domingos, |
| Datas associadas ao nome |
1967- |
| 9 (RLIN) |
55 |
| 240 ## - TÍTULO UNIFORME |
| Título uniforme |
Enquanto Salazar dormia... |
| 245 ## - TÍTULO |
| Título |
Enquanto o ditador dormia... / |
| Indicação de responsabilidade, etc. |
Amaral, Domingos |
| 260 ## - PUBLICAÇÃO, DISTRIBUIÇÃO, ETC. |
| Local de publicação, distribuição, etc. |
Rio de Janeiro |
| Nome do editor, distribuidor, etc. |
Nova Fronteira |
| Data da publicação, distribuição, etc. |
2007 |
| 300 ## - DESCRIÇÃO FÍSICA |
| Extensão |
463 p. |
| 520 ## - NOTA DE RESUMO, ETC. |
| Resumo, etc. |
Lisboa, 1941. Um oásis de tranquilidade numa Europa fustigada pelos horrores da II Guerra Mundial. Os refugiados chegam aos milhares e Lisboa enche-se de milionários e actrizes, judeus e espiões. Portugal torna-se palco de uma guerra secreta que Salazar permite, mas vigia à distância.Jack Gil Mascarenhas, um espião luso-britânico, tem por missão desmantelar as redes de espionagem nazis que actuavam por todo o país, do Estoril ao cabo de São Vicente, de Alfama à Ericeira. Estas são as suas memórias, contadas 50 anos mais tarde. Recorda os tempos que viveu numa Lisboa cheia de sol, de luz, de sombras e de amores. Jack Gil relembra as mulheres que amou; o sumptuoso ambiente que se vivia no Hotel Aviz, onde espiões se cruzavam com embaixadores e reis; os sinistros membros da polícia política de Salazar ou mesmo os taxistas da cidade. Um mundo secreto e oculto, onde as coisas aconteciam "enquanto Salazar dormia", como dizia ironicamente Michael, o grande amigo de Jack, também ele um espião do MI6. Num país dividido, os homens tornam-se mais duros e as mulheres mais disponíveis. Fervem intrigas e boatos, numa guerra suja e sofisticada, que transforma Portugal e os que aqui viveram nos anos 40. |
| 650 #0 - ASSUNTO--TERMO TÓPICO |
| Cabeçalho tópico ou nome geográfico |
Literatura portuguesa |
| 9 (RLIN) |
91 |
| 650 #0 - ASSUNTO--TERMO TÓPICO |
| Cabeçalho tópico ou nome geográfico |
Guerra |
| 9 (RLIN) |
30 |
| 650 #0 - ASSUNTO--TERMO TÓPICO |
| Cabeçalho tópico ou nome geográfico |
2° Guerra Mundial |
| 9 (RLIN) |
56 |
| 650 #0 - ASSUNTO--TERMO TÓPICO |
| Cabeçalho tópico ou nome geográfico |
Histórico |
| 9 (RLIN) |
53 |
| 650 #0 - ASSUNTO--TERMO TÓPICO |
| Cabeçalho tópico ou nome geográfico |
Ditadura |
| 9 (RLIN) |
34 |
| 655 #0 - TERMO DE ÍNDICE--GÊNERO E FORMA |
| Gênero/forma/ou termo foco |
Romance |
| 655 #0 - TERMO DE ÍNDICE--GÊNERO E FORMA |
| Gênero/forma/ou termo foco |
Ficção |
| 942 ## - ELEMENTOS DE ENTRADA ADICIONADOS (KOHA) |
| Fonte de classificação ou esquema de arquivamento |
Classificação decimal de Dewey |
| Ocultar no OPAC |
Não |
| Tipo de material Koha |
Livros |